Red Bull a Forma-1-ben
| Szerző: | |
|---|---|
| További közreműködők: | |
| Dokumentumtípus: | Projektmunka |
| Kulcsszavak: | extrémsport Forma-1 marketingkommunikáció Red Bull sportmarketing |
| Online Access: | http://dolgozattar.uni-bge.hu/60215 |
MARC
| LEADER | 00000nnm a2200000 i 4500 | ||
|---|---|---|---|
| 001 | dolg60215 | ||
| 005 | 20260409150140.0 | ||
| 008 | 260409suuuu hu o 000 hun d | ||
| 040 | |a BGE Dolgozattár Repozitórium |b hun | ||
| 041 | |a hu | ||
| 100 | 1 | |a Máté Zsófia | |
| 245 | 1 | 0 | |a Red Bull a Forma-1-ben |c Máté Zsófia |h [elektronikus dokumentum] |
| 516 | |a Project_work | ||
| 520 | 3 | |a A Red Bull egy Thaiföldi kamionos és munkásitalból, mára a világszerte ismert márkává nőtte ki magát. A cég rendkívüli marketingstratégiájának köszönhetően stabil és pozitív márkaimázst épített föl és a fiatalság és a lendületesség képét az extrémsportokon keresztül képviseli. A Forma-1 az egyik legnépszerűbb verseny az autósport terén. A sport nem csak a technológiai fejlesztések szempontjából kiemelkedő, de a rengeteg szponzorációról is ami megjelenik egy-egy futam során. A Red Bull által felépített képbe tökéletesen beleillik egy Forma-1-es csapat. Amely a 2005-ös kezdés óta a sport egyik legnívósabb csapatává nőtte ki magát. A kutatásomból kiderült, hogy Magyarországok is sokan követik a Red Bull tevékenységét. Itthon is népszerűek az energiaitalaik, valamint a Forma-1-ben is sokan szurkolnak a Red Bull csapatának, sőt az általuk szervezett események is ismertek, viszont úgy vélem még nem szereztek elég érdeklődést az országban. | |
| 695 | |a extrémsport | ||
| 695 | |a Forma-1 | ||
| 695 | |a marketingkommunikáció | ||
| 695 | |a Red Bull | ||
| 695 | |a sportmarketing | ||
| 700 | 1 | |a Gajzágó Dr. Éva Judit |e ths | |
| 856 | 4 | 0 | |u http://dolgozattar.uni-bge.hu/60215/1/Red%20Bull%20a%20Forma-1-ben.pdf |z Dokumentum-elérés |
| 856 | 4 | 0 | |u http://dolgozattar.uni-bge.hu/60215/2/KM%20FOSZK%20b%C3%ADr%C3%A1lati%20lap%20MZs.pdf |z Dokumentum-elérés |